Les plus grandes villes du bassin du Pô sur une carte - Statistiques

Statistiques générales
  • Ce quiz a été pris 451 fois
  • Le résultat moyen est 8 sur 21
Réponses sur la Carte
Les réponses sont colorées sur une échelle allant du rouge au vert en fonction du pourcentage des utilisateurs qui les ont devinées à leur premier essai. Vous pouvez retrouver ces pourcentages ci-dessous.
 
Statistiques - réponses
Population Ville % Correct
1 354 196 Milan
99%
841 600 Turin
98%
83 184 Côme
64%
119 534 Bergame
56%
196 764 Parme
56%
196 446 Brescia
49%
184 153 Modène
43%
121 799 Monza
41%
91 059 Alexandrie
31%
129 340 Ferrare
31%
102 465 Plaisance
30%
169 545 Reggio d’Émilie
28%
101 257 Novare
25%
70 636 Pavie
25%
73 421 Asti
23%
70 637 Crémone
22%
78 409 Varèse
21%
71 869 Carpi
9%
78 884 Sesto San Giovanni
9%
82 951 Busto Arsizio
7%
74 528 Cinisello Balsamo
5%
Aucun quiz correspondant
Distribution des résultats
% des personnes avec chaque résultat
Percentile par nombre de réponses
Votre historique - résultats
Vous n’avez pas pris ce quiz